000
00223nam a22000977a 4500
999
_c
521579
_d
521579
082
_a
TNC P Si64
100
_a
Singh, Amrik
_9
35450
245
_a
The Challenge Of Eduction
260
_a
New delhi
_b
ICFAI
_c
2004
300
_a
211p.